Hindu society at cross roads (Record no. 65584)
[ view plain ]
| 000 -LEADER | |
|---|---|
| fixed length control field | 00414nam a2200145Ia 4500 |
| 001 - CONTROL NUMBER | |
| control field | 64484 |
| 008 - FIXED-LENGTH DATA ELEMENTS--GENERAL INFORMATION | |
| fixed length control field | 210324n ii |||gr||||Z||||||465 |
| 020 ## - INTERNATIONAL STANDARD BOOK NUMBER | |
| International Standard Book Number | 9789383723294 |
| 082 ## - DEWEY DECIMAL CLASSIFICATION NUMBER | |
| Classification number | 306.0954 |
| 100 ## - MAIN ENTRY--PERSONAL NAME | |
| Personal name | Panikkar, K.M., |
| Relator term | Author. |
| 245 #0 - TITLE STATEMENT | |
| Title | Hindu society at cross roads |
| Statement of responsibility, etc. | K.M. Panikkar |
| Medium | Textual Documents |
| 260 ## - PUBLICATION, DISTRIBUTION, ETC. | |
| Place of publication, distribution, etc. | Delhi: |
| Name of publisher, distributor, etc. | LG Publishers Distributors, |
| Date of publication, distribution, etc. | 2018. |
| 300 ## - PHYSICAL DESCRIPTION | |
| Extent | 139 p.: |
| Dimensions | 18 cm. |
| 942 ## - ADDED ENTRY ELEMENTS (KOHA) | |
| Source of classification or shelving scheme | Dewey Decimal Classification |
| Koha item type | Books |
| Withdrawn status | Lost status | Damaged status | Not for loan | Collection | Home library | Current library | Date acquired | Source of acquisition | Coded location qualifier | Cost, normal purchase price | Total checkouts | Full call number | Barcode | Date last seen | Copy number | Price effective from | Koha item type | Public note |
|---|---|---|---|---|---|---|---|---|---|---|---|---|---|---|---|---|---|---|
| Dr. Suryya Kumar Bhuyan Library | Dr. Suryya Kumar Bhuyan Library | 24/03/2021 | 08 | 00000 | 395.00 | 306.0954 P14H | 2472/cu/soc | 14/01/2024 | 1 | 24/03/2021 | Books | 08 |
